000 00218 a2200097 4500
001 11823
100 _aDobb, M.
245 _aSoviet economic development
260 _a
_bRoutledge & kegan paul
_c
090 _c9079
_d9079
942 _aNUST-CAE
_cM
_c35910
999 _c246896
_d246896